000 00930nam a2200253Ia 4500
003 OSt
005 20220923212921.0
006 a|||||r|||| 00| 0
007 ta
008 220922b |||||||| |||| 00| 0 hin d
024 _a156,958
037 _cTextual
040 _aARTS
_cARTS
_bhin
041 _2hin
_ahin
082 _aO152:g, M0
100 _aराजेन्द्र कुमार
245 0 _aसाहित्य में सृजन के आयाम और विज्ञानवादी दृष्टि
246 _aSāhitya mean sṛujan ke āyām aur vijnyānavādī dṛuṣhṭi
260 _aदिल्ली
_b प्रकाशन संस्थान
_c1980
300 _a272 पृ.
_ccm.
650 _aहिन्दी साहित्य
_9156264
942 _hO152:g, M0
_cTEXL
_2CC
999 _c312175
_d312175